El Problema de les carns / M. Rossell i Vilà
Descripción Física:
114 p. ; 19 cm
Otros Autores:
Catalunya. Mancomunitat. Serveis de Ramaderia
Materias:
Carn -- Indústria i comerç
MARC
| LEADER | 00000nam a2200000Ia 4500 | ||
|---|---|---|---|
| 001 | 1256 | ||
| 008 | 160829s1921 xx 000 0 cat d | ||
| 710 | 2 | |a Catalunya. |b Mancomunitat |9 53015 | |
| 952 | |0 0 |1 0 |4 0 |6 C1526 |7 1 |9 45094 |a Arxiu |b Arxiu |d 2016-12-01 |l 0 |o C-1-526 |p 1256 |r 2016-12-01 00:00:00 |w 2016-12-01 |y ARXIU | ||
| 999 | |c 47714 |d 47714 | ||
| 080 | |a C-1-526 | ||
| 100 | |a Rossell i Vilar, Pere Màrtir |9 29189 | ||
| 245 | |a El Problema de les carns / M. Rossell i Vilà | ||
| 260 | |a Barcelona : |b Mancomunitat de Catalunya, Serveis de Ramaderia, |c 1921 | ||
| 300 | |a 114 p. ; |c 19 cm | ||
| 490 | |a Publicacions dels Serveis de Ramaderia / Mancomunitat de Catalunya | ||
| 590 | |a Hi ha un duplicat a: DUP-255 | ||
| 650 | |a Carn |x Indústria i comerç |9 29190 | ||
| 700 | |a Catalunya. Mancomunitat. Serveis de Ramaderia |9 21057 | ||
| 901 | |a Arxiu | ||
| 942 | |n 1 |2 udc | ||